000 01219nam a22003497a 4500
001 BR8400323
003 BR-BrBNA
005 20230928091840.0
007 ta
008 230509b bl.||||| |||| 00| 0 por d
040 _aBR-BrBNA
_bpor
_cBiblioteca Nacional de Agricultura
041 _a(Por)
072 _aF00; F20
_b/G514
090 _ F00 BR8400323
100 1 _aAssuncao, G.V. de
100 1 _aDuarte, V.
110 1 _aInstituto de Pesquisas Espaciais, Sao Jose dos Campos, SP (Brasil)
_0Tese (Mestrado)
245 1 _aAvaliacao de areas preparadas para plantio (SOLONU)utilizando dados do Satelite LANDSAT [Ribeirao Preto, Brasil]
_bINPE-2637-TDL-113
246 1 _a[Evaluation of areas prepared for planting (SOLONU)using LANDSAT data [Ribeirao Preto, Brazil]]
_bINPE-2637 TDL/113
260 3 _aSao Jose dos Campos, SP (Brasil):
_c1983.
300 _a75 p.
500 _a5 illus.; 11 tables; 2 Maps, scale 1:20,000; Summaries (Eng, Por)
650 _aPRODUCAO VEGETAL
650 _aPEDOLOGIA
650 _aPLANTIO
650 _aAEROFOTOGRAMETRIA
650 _aSENSORIAMENTO REMOTO
650 _aRIBEIRAO PRETO
650 _aSAO PAULO
909 _a202309
_bLucia
_c55
_dLucia Elande
942 _cBK
999 _c35871
_d35871